[Event "N�-LL 2006_07"]
[Site "?"]
[Date "2006.11.12"]
[Round "5"]
[White "Gr�tz, Harald"]
[Black "Knoll, Hermann"]
[Result "0-1"]
[WhiteElo "2359"]
[BlackElo "2373"]
[Annotator "Stockerau : P�chlarn"]
[PlyCount "76"]
[EventDate "2006.09.20"]
[SourceDate "2006.11.15"]

1. e4 c5 2. Nf3 d6 3. c3 Nf6 4. Bd3 g6 5. Bc2 Nc6 6. h3 Bg7 7. O-O e5 8. d4 Qc7
9. dxc5 dxc5 10. Be3 b6 11. Na3 Ba6 12. Re1 O-O 13. Qc1 Nh5 14. Bb3 Nf4 15.
Bxf4 exf4 16. Bd5 Rad8 17. Bxc6 Qxc6 18. Qxf4 Qa4 19. Qh4 Rfe8 20. Re3 Bb7 21.
Rae1 Rd1 22. Rxd1 Qxd1+ 23. Kh2 Qa4 24. Nb1 Qxa2 25. Nbd2 Qa4 26. Rd3 Bxe4 27.
Ng5 Bc6 28. Qxh7+ Kf8 29. Rg3 Qf4 30. Ndf3 Bxf3 31. Nxf3 Re2 32. h4 Rxf2 33. h5
Rxf3 34. gxf3 Be5 35. hxg6 Qxg3+ 36. Kh1 Qxf3+ 37. Kg1 Qg3+ 38. Kf1 Qxg6 0-1

[Event "N�-LL 2006_07"]
[Site "?"]
[Date "2006.11.12"]
[Round "5"]
[White "Weinzettl, Ernst"]
[Black "Batyte, Daiva"]
[Result "0-1"]
[WhiteElo "2327"]
[BlackElo "2172"]
[Annotator "Stockerau : P�chlarn"]
[PlyCount "84"]
[EventDate "2006.09.20"]
[SourceDate "2006.11.15"]

1. e4 b6 2. d4 Bb7 3. Bd3 Nf6 4. Qe2 Nc6 5. c3 e5 6. Nf3 d6 7. Na3 Nd7 8. Nc2
Be7 9. O-O O-O 10. d5 Ncb8 11. Ne3 Nc5 12. Bc2 a5 13. a4 Ba6 14. Nc4 Nbd7 15.
b4 Nxa4 16. Rxa4 b5 17. Rxa5 bxc4 18. Be3 Qb8 19. Rfa1 Bb7 20. Qxc4 Rc8 21. Ba7
Rxa7 22. Rxa7 c6 23. dxc6 Bxc6 24. Qa2 Rf8 25. Bd3 Bd8 26. Qc4 Bb7 27. Qb5 Bb6
28. R7a2 Bxe4 29. Bc4 Nf6 30. Ra6 Nd5 31. Ng5 Bxg2 32. Kxg2 Nf4+ 33. Kf1 Qd8
34. Nxf7 Qh4 35. Qxb6 Qh3+ 36. Ke1 Qxc3+ 37. Kd1 Qxc4 38. Qe3 Qd5+ 39. Kc1 Rc8+
40. Kb2 Nd3+ 41. Ka3 Rc3+ 42. Ka4 Nb2# 0-1

[Event "N�-LL 2006_07"]
[Site "?"]
[Date "2006.11.12"]
[Round "5"]
[White "Schrimbeck, Hannes"]
[Black "Loidl, Florian"]
[Result "1-0"]
[WhiteElo "2128"]
[BlackElo "2233"]
[Annotator "Stockerau : P�chlarn"]
[PlyCount "73"]
[EventDate "2006.09.20"]
[SourceDate "2006.11.16"]

1. e4 c5 2. Nf3 d6 3. Bb5+ Nc6 4. O-O Bd7 5. c3 a6 6. Bxc6 Bxc6 7. Re1 e5 8. d4
Qc7 9. dxc5 dxc5 10. c4 Rd8 11. Qc2 Bd6 12. Nc3 f6 13. Nd5 Qf7 14. Bd2 g5 15.
Ba5 Rd7 16. Rad1 Bxd5 17. cxd5 Ne7 18. a4 O-O 19. Nd2 b5 20. b3 Rb7 21. Qd3 Bb8
22. Bc3 Nc8 23. axb5 axb5 24. Ra1 Nd6 25. Ra6 Qd7 26. Rea1 Ba7 27. Rc6 Rfb8 28.
Qg3 Bb6 29. Bxe5 fxe5 30. Qxg5+ Kf8 31. Qh6+ Ke7 32. Qg7+ Nf7 33. Nf3 Kd8 34.
Nxe5 Nxe5 35. Qxe5 Qg7 36. Rd6+ Kc8 37. Qe8+ 1-0

[Event "N�-LL 2006_07"]
[Site "?"]
[Date "2006.11.12"]
[Round "5"]
[White "Trkulja, Goran"]
[Black "Kummer, Helmut"]
[Result "1/2-1/2"]
[WhiteElo "2226"]
[BlackElo "2335"]
[Annotator "Bad V�slau/Kottingbrunn : Bisamberg/Korneubur"]
[PlyCount "99"]
[EventDate "2006.09.20"]
[SourceDate "2006.11.17"]

1. e4 e5 2. d4 exd4 3. c3 d5 4. Qxd4 Be6 5. exd5 Qxd5 6. Qxd5 Bxd5 7. Bf4 Na6
8. Nf3 O-O-O 9. Bxa6 bxa6 10. Nbd2 Re8+ 11. Kf1 Nf6 12. h3 Bc5 13. b4 Bb6 14.
c4 Bxf3 15. gxf3 Bd4 16. Rb1 Nh5 17. Bh2 f5 18. Nb3 Bc3 19. Nc5 Be5 20. Bxe5
Rxe5 21. Re1 Rhe8 22. Rxe5 Rxe5 23. Nd3 Re6 24. h4 a5 25. a3 axb4 26. axb4 g6
27. c5 a6 28. Kg2 Kb7 29. Ra1 h6 30. Kf1 g5 31. hxg5 hxg5 32. Ra5 Nf4 33. Nb2
Re2 34. Nd1 Rc2 35. c6+ Rxc6 36. Rxf5 Rc1 37. Ke1 Ne6 38. b5 a5 39. Kd2 Rb1 40.
Nc3 Rb2+ 41. Ke3 Rb3 42. Kd3 Kc8 43. Kc4 Rb4+ 44. Kd5 Nd4 45. Rxg5 Nxb5 46. Ne4
Kb7 47. Nc5+ Kb6 48. Nd7+ Kb7 49. Nc5+ Kb6 50. Nd7+ 1/2-1/2

[Event "N�-LL 2006_07"]
[Site "?"]
[Date "2006.11.12"]
[Round "5"]
[White "Hansen, Kay"]
[Black "Stanivukovic, Drago"]
[Result "1-0"]
[WhiteElo "2180"]
[BlackElo "2093"]
[Annotator "Bad V�slau/Kottingbrunn : Bisamberg/Korneubur"]
[PlyCount "85"]
[EventDate "2006.09.20"]
[SourceDate "2006.11.17"]

1. d4 Nf6 2. Bg5 Ne4 3. Bh4 c5 4. f3 Qa5+ 5. c3 Nd6 6. dxc5 Qxc5 7. Nd2 Nc6 8.
e4 Qe3+ 9. Ne2 Ne5 10. Qc2 Nd3+ 11. Kd1 e5 12. Nc1 Nf2+ 13. Bxf2 Qxf2 14. Nd3
Qh4 15. Nxe5 b5 16. g3 Qd8 17. a4 f6 18. Ng4 Qb6 19. e5 fxe5 20. Nxe5 Qc5 21.
Bxb5 Nxb5 22. Re1 Be7 23. axb5 O-O 24. b4 Qxb5 25. Qb3+ d5 26. Ra5 Qb7 27.
Qxd5+ Qxd5 28. Rxd5 Be6 29. Ng6 hxg6 30. Rxe6 Bf6 31. Ne4 Rfd8 32. Rdd6 Kf7 33.
Nxf6 Rxd6+ 34. Rxd6 gxf6 35. Kc2 a5 36. b5 Ke7 37. Ra6 Rh8 38. h4 Rh5 39. Rxa5
Re5 40. Kd3 Rd5+ 41. Kc4 Rd2 42. b6 Kd6 43. Rb5 1-0

[Event "N�-LL 2006_07"]
[Site "?"]
[Date "2006.11.12"]
[Round "5"]
[White "Hirsch, Andreas"]
[Black "Brehovsky, Paul"]
[Result "0-1"]
[WhiteElo "2031"]
[BlackElo "2140"]
[Annotator "Bad V�slau/Kottingbrunn : Bisamberg/Korneubur"]
[PlyCount "78"]
[EventDate "2006.09.20"]
[SourceDate "2006.11.17"]

1. g3 e6 2. Bg2 Nf6 3. f4 d5 4. Nf3 Be7 5. O-O O-O 6. d3 c5 7. c3 Nc6 8. Na3
Rb8 9. Qe1 b5 10. Nc2 Ba6 11. h3 Qc7 12. g4 Rfd8 13. Ne5 Bb7 14. g5 Nd7 15. Ng4
d4 16. e4 dxe3 17. Bxe3 Nf8 18. Rd1 Bd6 19. Qf2 Ne7 20. Ne1 Bxg2 21. Nxg2 Nf5
22. Bc1 Ng6 23. h4 Nge7 24. h5 c4 25. d4 Nd5 26. Rde1 b4 27. g6 bxc3 28. gxh7+
Kxh7 29. bxc3 Nxc3 30. Qc2 Nb5 31. Rd1 Nbxd4 32. Qe4 Bc5 33. Kh2 Qb7 34. Qe1
Nf3+ 35. Rxf3 Qxf3 36. Rxd8 Rxd8 37. Qa5 Qg3+ 38. Kh1 Qh3+ 39. Nh2 Ng3# 0-1

[Event "N�-LL 2006_07"]
[Site "?"]
[Date "2006.11.12"]
[Round "5"]
[White "Zojer, Thomas"]
[Black "Kadletz, Karl"]
[Result "1-0"]
[WhiteElo "2088"]
[BlackElo "2107"]
[Annotator "Bad V�slau/Kottingbrunn : Bisamberg/Korneubur"]
[PlyCount "109"]
[EventDate "2006.09.20"]
[SourceDate "2006.11.17"]

1. d4 Nf6 2. Nf3 g6 3. c4 Bg7 4. Nc3 O-O 5. e4 d6 6. Be2 c6 7. O-O Qc7 8. Ne1
e5 9. d5 cxd5 10. cxd5 Na6 11. Nd3 Bd7 12. Be3 Rfc8 13. f3 Qd8 14. Qd2 Nh5 15.
Bg5 f6 16. Bh4 Qf8 17. Bf2 Bh6 18. Be3 g5 19. Rac1 Nf4 20. g4 Qe8 21. Nf2 Bf8
22. h3 Be7 23. Kh2 Bd8 24. a3 Nxe2 25. Nxe2 Bb6 26. b4 Rc7 27. Ng3 Rac8 28.
Bxb6 axb6 29. Rxc7 Nxc7 30. Qe3 Qd8 31. Qxb6 Nb5 32. Qxd8+ Rxd8 33. Rc1 Rc8 34.
Rxc8+ Bxc8 35. a4 Nd4 36. Kg2 Kf7 37. Nf5 Bxf5 38. gxf5 Ke7 39. Nd3 h5 40. Kf2
Kd7 41. Ne1 Kc7 42. Nd3 Kb6 43. Nb2 Kc7 44. Nc4 b5 45. axb5 Nxb5 46. Na5 Nd4
47. Kg2 Kd7 48. Nc6 Nxc6 49. dxc6+ Kxc6 50. h4 gxh4 51. Kh3 d5 52. exd5+ Kxd5
53. Kxh4 e4 54. fxe4+ Kxe4 55. b5 1-0

[Event "N�-LL 2006_07"]
[Site "?"]
[Date "2006.11.12"]
[Round "5"]
[White "Penz, Harald"]
[Black "Baumegger, Siegfried"]
[Result "1-0"]
[WhiteElo "2309"]
[BlackElo "2411"]
[Annotator "Baden : Mauerbach"]
[PlyCount "80"]
[EventDate "2006.09.20"]
[SourceDate "2006.11.17"]

1. e4 e5 2. Nf3 Nc6 3. Bc4 Nf6 4. Ng5 d5 5. exd5 Na5 6. Bb5+ c6 7. dxc6 bxc6 8.
Be2 h6 9. Nh3 Bc5 10. Nc3 O-O 11. d3 Nd5 12. Bd2 Nb7 13. O-O Bxh3 14. gxh3 Qh4
15. Bf3 Rad8 16. Bxd5 cxd5 17. Qg4 Qf6 18. Kh1 Kh7 19. Nxd5 Qc6 20. c4 f5 21.
Qg2 Bd4 22. Rad1 Rf7 23. Bc3 Bxc3 24. Nxc3 Qb6 25. Nd5 Qxb2 26. Rg1 Rd6 27. Ne3
e4 28. dxe4 Rxd1 29. Rxd1 f4 30. Nf5 g6 31. Rg1 Qb6 32. Nh4 Rg7 33. Qf3 Qf6 34.
Ng2 g5 35. h4 Nc5 36. hxg5 Qxg5 37. Qxf4 Nd3 38. Qf3 Rd7 39. Ne3 Qe5 40. Nd5
Qxe4 1-0

[Event "N�-LL 2006_07"]
[Site "?"]
[Date "2006.11.12"]
[Round "5"]
[White "Schneider-Zinner, Harald"]
[Black "Weissenbeck, Manuel"]
[Result "1/2-1/2"]
[WhiteElo "2357"]
[BlackElo "2273"]
[Annotator "Baden : Mauerbach"]
[PlyCount "24"]
[EventDate "2006.09.20"]
[SourceDate "2006.11.17"]

1. d4 Nf6 2. c4 e6 3. Nf3 Bb4+ 4. Bd2 a5 5. g3 O-O 6. Bg2 d5 7. O-O dxc4 8.
Bxb4 axb4 9. Ne5 Nc6 10. Bxc6 bxc6 11. Nd2 Qxd4 12. Ndxc4 Qxd1 1/2-1/2

[Event "N�-LL 2006_07"]
[Site "?"]
[Date "2006.11.12"]
[Round "5"]
[White "Schorn, Christoph"]
[Black "Sulyok, Michael"]
[Result "0-1"]
[WhiteElo "2154"]
[BlackElo "2217"]
[Annotator "Baden : Mauerbach"]
[PlyCount "62"]
[EventDate "2006.09.20"]
[SourceDate "2006.11.17"]

1. e4 g6 2. d4 Bg7 3. Nc3 d6 4. f4 a6 5. Nf3 b5 6. Bd3 Nd7 7. O-O c5 8. Be3 Bb7
9. Kh1 cxd4 10. Bxd4 Bxd4 11. Nxd4 Ngf6 12. Qe2 e5 13. Nb3 O-O 14. a3 Re8 15.
Qf3 Rc8 16. fxe5 dxe5 17. Rad1 Qe7 18. Rd2 Nh5 19. Nd5 Bxd5 20. exd5 Ndf6 21.
Be4 Nxe4 22. Qxe4 f5 23. Qe3 Qd6 24. Na5 Nf6 25. Qb3 Ne4 26. Rdd1 Kg7 27. Nc6
Rxc6 28. dxc6 Nf2+ 29. Kg1 Nxd1 30. Rf3 Nxb2 31. Rxf5 Nc4 0-1

[Event "N�-LL 2006_07"]
[Site "?"]
[Date "2006.11.12"]
[Round "5"]
[White "Spalt, Bernhard"]
[Black "Thoma, Wilhelm"]
[Result "1/2-1/2"]
[WhiteElo "2017"]
[BlackElo "2156"]
[Annotator "Baden : Mauerbach"]
[PlyCount "49"]
[EventDate "2006.09.20"]
[SourceDate "2006.11.17"]

1. Nf3 d5 2. g3 e6 3. Bg2 c6 4. O-O f5 5. d3 Nf6 6. Nbd2 Be7 7. Re1 O-O 8. e4
fxe4 9. dxe4 Na6 10. e5 Ne8 11. Nf1 Nec7 12. h4 Bd7 13. Ng5 Qe8 14. Qd3 Bxg5
15. Bxg5 c5 16. c3 Rc8 17. Nh2 Qf7 18. Nf3 c4 19. Qe3 b6 20. Nd4 Nc5 21. Qe2
Qg6 22. Rad1 N7a6 23. Bf3 Qf7 24. Bh5 g6 25. Bg4 1/2-1/2

[Event "N�-LL 2006_07"]
[Site "?"]
[Date "2006.11.26"]
[Round "6"]
[White "Kummer, Helmut"]
[Black "Weiss, Christian"]
[Result "1/2-1/2"]
[WhiteElo "2335"]
[BlackElo "2451"]
[Annotator "P�chlarn : B.V�slau/Kottingbrunn"]
[PlyCount "84"]
[EventDate "2006.09.20"]
[SourceDate "2006.11.28"]

1. d4 Nf6 2. c4 c5 3. d5 g6 4. Nc3 Bg7 5. e4 d6 6. Be2 O-O 7. Nf3 e5 8. O-O
Nbd7 9. Ne1 Ne8 10. Nd3 f5 11. f4 Qe7 12. exf5 gxf5 13. Be3 e4 14. Nf2 Kh8 15.
Qd2 Ndf6 16. g3 h5 17. h3 Rg8 18. Kh2 Bh6 19. Rg1 Bd7 20. Rg2 Rg6 21. Rh1 Ng7
22. Kg1 Kg8 23. Kf1 a6 24. Rhg1 Rf8 25. Ke1 Kf7 26. Kd1 Rg8 27. Kc2 Kf8 28. Kb1
Qe8 29. Qd1 b5 30. Qf1 bxc4 31. Bxc4 a5 32. Nfd1 h4 33. gxh4 Rxg2 34. Rxg2 Ngh5
35. Rg5 Rh8 36. Qg1 Bxg5 37. hxg5 Ng8 38. Qe1 Ne7 39. b3 a4 40. bxa4 Bxa4 41.
Nb2 Bd7 42. a4 Ng6 {Rest nicht lesbar, remis im 57.} 1/2-1/2

[Event "N�-LL 2006_07"]
[Site "?"]
[Date "2006.11.26"]
[Round "6"]
[White "Kostic, Vladimir"]
[Black "Zojer, Stefan"]
[Result "1-0"]
[WhiteElo "2433"]
[BlackElo "2118"]
[Annotator "P�chlarn : B.V�slau/Kottingbrunn"]
[PlyCount "39"]
[EventDate "2006.09.20"]
[SourceDate "2006.11.28"]

1. e4 c5 2. Nf3 Nc6 3. Nc3 Nf6 4. Bb5 Nd4 5. Nxd4 cxd4 6. Nd5 e6 7. Nxf6+ Qxf6
8. O-O a6 9. Ba4 b5 10. Bb3 Bb7 11. d3 Qg6 12. Qe2 f5 13. Bd5 Bxd5 14. exd5 Bb4
15. a3 Ba5 16. b4 Bb6 17. dxe6 dxe6 18. Re1 Kf7 19. Qf3 Rab8 20. Bf4 1-0

[Event "N�-LL 2006_07"]
[Site "?"]
[Date "2006.11.26"]
[Round "6"]
[White "Zojer, Thomas"]
[Black "Weinzettl, Ernst"]
[Result "1-0"]
[WhiteElo "2088"]
[BlackElo "2327"]
[Annotator "P�chlarn : B.V�slau/Kottingbrunn"]
[PlyCount "127"]
[EventDate "2006.09.20"]
[SourceDate "2006.11.28"]

1. d4 e6 2. c4 Nf6 3. Nf3 c5 4. Nc3 a6 5. e4 cxd4 6. Nxd4 d6 7. Be2 b6 8. O-O
Bb7 9. f3 Be7 10. Be3 Nbd7 11. Rc1 O-O 12. Qd2 Qb8 13. Rfd1 Bd8 14. Bf1 Bc7 15.
Nde2 Ne5 16. b3 Kh8 17. Kh1 Rg8 18. Bg5 Qf8 19. Nd4 h6 20. Be3 g5 21. g4 h5 22.
Bxg5 Nh7 23. Bh6 Qe7 24. g5 f6 25. g6 Rxg6 26. Bh3 Ng5 27. Bxg5 fxg5 28. Bxe6
Nxf3 29. Nxf3 Qxe6 30. Qd4+ Kh7 31. Nd5 Rf8 32. Rf1 Rf7 33. Nd2 Bd8 34. Rxf7+
Qxf7 35. Rf1 Qe6 36. Rf8 Rg8 37. Nf6+ Bxf6 38. Rxf6 Qe7 39. Rxd6 Rg7 40. Qxb6
Bxe4+ 41. Kg1 Bg6 42. Nf3 Qe2 43. Qf2 Qe7 44. Re6 Qd8 45. Qd2 Qxd2 46. Nxd2 Rd7
47. Nf3 g4 48. Ng5+ Kg7 49. c5 Rd1+ 50. Kf2 Rd2+ 51. Re2 Rxe2+ 52. Kxe2 Kf6 53.
h4 Ke5 54. b4 Kd5 55. a3 Kc6 56. Ke3 Kd5 57. Kf4 Kc6 58. Ne6 Bd3 59. Nd4+ Kd5
60. Ke3 Bb5 61. Nf5 Kc4 62. Ng7 Kb3 63. Nxh5 Kxa3 64. Nf4 1-0

[Event "N�-LL 2006_07"]
[Site "?"]
[Date "2006.11.26"]
[Round "6"]
[White "Loidl, Florian"]
[Black "Brehovsky, Paul"]
[Result "1-0"]
[WhiteElo "2233"]
[BlackElo "2140"]
[Annotator "P�chlarn : B.V�slau/Kottingbrunn"]
[PlyCount "96"]
[EventDate "2006.09.20"]
[SourceDate "2006.11.28"]

1. e4 e6 2. d4 d5 3. Nc3 dxe4 4. Nxe4 Nf6 5. Nxf6+ Qxf6 6. Nf3 h6 7. h4 Nc6 8.
c3 Bd7 9. Qb3 O-O-O 10. Bg5 hxg5 11. hxg5 Qxf3 12. gxf3 Rxh1 13. O-O-O Be7 14.
g6 fxg6 15. Bd3 Bg5+ 16. Kb1 Rxd1+ 17. Qxd1 e5 18. d5 Ne7 19. Be4 Bf5 20. c4
Bf4 21. Qa4 Kb8 22. Qb4 Nc8 23. a4 Nd6 24. c5 Nxe4 25. fxe4 Bc8 26. a5 Bg5 27.
Qc3 Bf6 28. b4 c6 29. b5 cxd5 30. b6 d4 31. Qd3 a6 32. c6 bxc6 33. Qc4 Bb7 34.
Kc2 d3+ 35. Kd1 Ka8 36. Qe6 Rh8 37. Kd2 Rd8 38. f4 exf4 39. e5 Bg5 40. Qxg6 Bh6
41. e6 f3+ 42. Kd1 f2 43. Qf5 Bg5 44. Qxf2 c5 45. Qg3 d2 46. Qh3 Bc6 47. Qg4
Rd4 48. b7+ Kxb7 1-0

[Event "N�-LL 2006_07"]
[Site "?"]
[Date "2006.11.26"]
[Round "6"]
[White "Minib�ck, G�nther"]
[Black "Trkulja, Zoran"]
[Result "1-0"]
[WhiteElo "2344"]
[BlackElo "2226"]
[Annotator "Bisamb/Korneub:Baden"]
[PlyCount "123"]
[EventDate "2006.09.20"]
[SourceDate "2006.11.29"]

1. d4 Nf6 2. c4 e6 3. Nf3 Bb4+ 4. Bd2 a5 5. g3 O-O 6. Bg2 d6 7. O-O Bxd2 8.
Qxd2 Nc6 9. Nc3 Qe7 10. e4 e5 11. d5 Nb8 12. b3 Nbd7 13. a3 Ne8 14. Ne1 f5 15.
exf5 Nc5 16. Rb1 Bxf5 17. Rb2 Nf6 18. Nc2 Qd7 19. Ne3 Bh3 20. f3 Bxg2 21. Kxg2
b6 22. Qc2 g6 23. Ra2 a4 24. b4 Nb3 25. Ne2 Rae8 26. Qd3 Rf7 27. Nc3 Nd4 28.
Raf2 Nf5 29. Ng4 Ref8 30. Nxf6+ Rxf6 31. Ne4 R6f7 32. f4 exf4 33. Rxf4 Nh4+ 34.
Kh1 Rxf4 35. Rxf4 Rxf4 36. gxf4 Qf5 37. Qe3 Kf8 38. h3 Qh5 39. Ng5 Qd1+ 40. Qg1
Qd3 41. Qa1 Kg8 42. Qe1 Kf8 43. Qxh4 Qf1+ 44. Kh2 Qe2+ 45. Kg1 Qe3+ 46. Kg2
Qe2+ 47. Qf2 Qxc4 48. Qf3 h6 49. Ne6+ Ke7 50. f5 Qc2+ 51. Kg3 gxf5 52. Nd4 Qc1
53. Nxf5+ Kd7 54. Qe3 Qd1 55. Nd4 Kc8 56. Nb5 Qxd5 57. Qe8+ Kb7 58. Qa8+ Kxa8
59. Nxc7+ Kb7 60. Nxd5 Kc6 61. Nc3 d5 62. Kf3 1-0

[Event "N�-LL 2006_07"]
[Site "?"]
[Date "2006.11.26"]
[Round "6"]
[White "Pammer, Andreas"]
[Black "Brandner, Stefan"]
[Result "0-1"]
[WhiteElo "2212"]
[BlackElo "2341"]
[Annotator "Bisamb/Korneub:Baden"]
[PlyCount "46"]
[EventDate "2006.09.20"]
[SourceDate "2006.11.29"]

1. c4 e5 2. Nc3 Nf6 3. Nf3 Nc6 4. e3 d5 5. cxd5 Nxd5 6. Bb5 Nxc3 7. bxc3 Bd6 8.
d4 e4 9. d5 a6 10. dxc6 axb5 11. Qd5 exf3 12. cxb7 Bxb7 13. Qxb5+ c6 14. Qxb7
O-O 15. Qxc6 fxg2 16. Qxg2 Be5 17. O-O Ra6 18. Kh1 Rg6 19. Qe4 Re8 20. Qa4 Bxh2
21. Rd1 Bd6 22. Ba3 Qc8 23. Bxd6 Qh3+ 0-1

[Event "N�-LL 2006_07"]
[Site "?"]
[Date "2006.11.26"]
[Round "6"]
[White "Sulyok, Michael"]
[Black "Hirsch, Andreas"]
[Result "0-1"]
[WhiteElo "2217"]
[BlackElo "2031"]
[Annotator "Bisamb/Korneub:Baden"]
[PlyCount "60"]
[EventDate "2006.09.20"]
[SourceDate "2006.11.29"]

1. c4 g6 2. Nc3 Bg7 3. d4 f5 4. Nf3 Nf6 5. g3 O-O 6. Bg2 c6 7. O-O d6 8. Rb1
Qe8 9. d5 h6 10. Nd4 g5 11. e4 Nxe4 12. Nxe4 fxe4 13. Bxe4 c5 14. Nb5 Na6 15.
f4 Bh3 16. Rf2 Bf5 17. Bxf5 Rxf5 18. Qc2 Qf7 19. fxg5 Rxf2 20. Qxf2 Qg6 21. Ra1
Nb4 22. gxh6 Rf8 23. Qe2 Be5 24. Bd2 a6 25. Bxb4 cxb4 26. Nc7 Bd4+ 27. Kh1 e5
28. Re1 Rf2 29. Qd1 Qf5 30. h7+ Kh8 0-1

[Event "N�-LL 2006_07"]
[Site "?"]
[Date "2006.11.26"]
[Round "6"]
[White "Wetscherek, Gerhard"]
[Black "Filip, Daniel"]
[Result "0-1"]
[WhiteElo "2089"]
[BlackElo "2082"]
[Annotator "Bisamb/Korneub:Baden"]
[PlyCount "65"]
[EventDate "2006.09.20"]
[SourceDate "2006.11.29"]

1. e4 e6 2. d4 d5 3. e5 c5 4. c3 Nc6 5. Nf3 Qb6 6. Be2 cxd4 7. cxd4 Nh6 8. O-O
Nf5 9. Nc3 Nfxd4 10. Re1 Nxf3+ 11. Bxf3 Be7 12. a3 O-O 13. g3 a6 14. Bg2 Bc5
15. Be3 Bxe3 16. Rxe3 Bd7 17. Qh5 Rac8 18. g4 Ne7 19. Rh3 h6 20. Rd1 Ng6 21.
Rg3 Rc4 22. Bf1 Rf4 23. Rd2 Rd4 24. Rc2 Rc8 25. b4 Qd8 26. Ne2 Rxc2 27. Nxd4
Nf4 28. Nxc2 Nxh5 29. gxh5 Qc7 30. Ne3 Qxe5 31. Ng4 Qf4 32. h3 d4 33. Nh2 0-1

[Event "N�-LL 2006_07"]
[Site "?"]
[Date "2006.11.26"]
[Round "6"]
[White "Hangweyrer, Manfred"]
[Black "Ganaus, Hannes"]
[Result "1/2-1/2"]
[WhiteElo "2381"]
[BlackElo "2318"]
[Annotator "St.P�lten : Stockerau"]
[PlyCount "44"]
[EventDate "2006.09.20"]
[SourceDate "2006.12.01"]

1. e4 c6 2. Nf3 d5 3. exd5 cxd5 4. Ne5 a6 5. d4 g6 6. c4 Nf6 7. Nc3 Bg7 8. Qa4+
Nbd7 9. cxd5 O-O 10. Qb3 Nb6 11. Be2 Nbxd5 12. O-O Ra7 13. Nxd5 Nxd5 14. Bd2
Be6 15. Qa3 Qd6 16. Qxd6 exd6 17. Nf3 Raa8 18. Rac1 Rac8 19. h3 Rxc1 20. Rxc1
Rc8 21. Rxc8+ Bxc8 22. Bd3 Be6 1/2-1/2

[Event "N�-LL 2006_07"]
[Site "?"]
[Date "2006.11.26"]
[Round "6"]
[White "Denk, Adolf"]
[Black "Gr�tz, Harald"]
[Result "1/2-1/2"]
[WhiteElo "2293"]
[BlackElo "2359"]
[Annotator "St.P�lten : Stockerau"]
[PlyCount "85"]
[EventDate "2006.09.20"]
[SourceDate "2006.12.01"]

1. e4 c5 2. Nf3 d6 3. d4 cxd4 4. Nxd4 Nf6 5. Nc3 Nc6 6. Be2 e5 7. Nb3 Be7 8.
Be3 O-O 9. g4 a5 10. a4 Nb4 11. g5 Ne8 12. Rg1 Be6 13. Nd5 Nxd5 14. exd5 Bf5
15. Nd2 f6 16. h4 fxg5 17. hxg5 g6 18. Nc4 Ng7 19. Qd2 Ra6 20. O-O-O Qd7 21. b3
Bd8 22. Na3 Ra8 23. Kb2 Qf7 24. Nb5 Qe7 25. f4 Rc8 26. c4 Re8 27. Rde1 Bd7 28.
fxe5 dxe5 29. Qc3 Nf5 30. Bd2 Bb6 31. Rg4 Nd4 32. Nxd4 Bxd4 33. Rxd4 exd4 34.
Qxd4 Qe5 35. Qxe5 Rxe5 36. Bd3 Rxe1 37. Bxe1 b6 38. Bf2 Rb8 39. Kc3 Kf7 40. Bg3
Rb7 41. Be4 Bf5 42. Bf3 Ke8 43. d6 1/2-1/2

[Event "N�-LL 2006_07"]
[Site "?"]
[Date "????.11.26"]
[Round "6"]
[White "Batyte, Daiva"]
[Black "Wallner, Erich"]
[Result "1-0"]
[WhiteElo "2172"]
[BlackElo "2155"]
[Annotator "St.P�lten : Stockerau"]
[PlyCount "80"]
[EventDate "2006.09.20"]
[SourceDate "2006.12.01"]

1. c4 e5 2. Nc3 Nf6 3. g3 g6 4. Bg2 Bg7 5. Nf3 d6 6. d3 O-O 7. O-O c6 8. Bg5 h6
9. Bd2 Be6 10. Rb1 Nbd7 11. b4 d5 12. d4 e4 13. Ne5 Nxe5 14. dxe5 Nd7 15. Qc1
Kh7 16. Rd1 Nxe5 17. cxd5 cxd5 18. Be3 Rc8 19. Bd4 Rc4 20. Bxe4 Nf3+ 21. Bxf3
Bxd4 22. Rxd4 Rxd4 23. Qb2 Rc4 24. Qd2 Qc7 25. Nb5 Qb6 26. a4 d4 27. Na3 Rc3
28. Nb5 Rb3 29. Rc1 Rd8 30. Be4 Rd7 31. Bc2 a6 32. Bxb3 Bxb3 33. Na3 Bxa4 34.
Nc4 Qe6 35. Na5 Bb5 36. Qb2 Qxe2 37. Qa1 Qe4 38. Re1 Qd5 39. Qd1 b6 40. Nb3 Ba4
1-0

[Event "N�-LL 2006_07"]
[Site "?"]
[Date "2006.11.26"]
[Round "6"]
[White "Engelhardt, Richard"]
[Black "Schmid, Thomas"]
[Result "1/2-1/2"]
[WhiteElo "2174"]
[BlackElo "2117"]
[Annotator "St.P�lten : Stockerau"]
[PlyCount "53"]
[EventDate "2006.09.20"]
[SourceDate "2006.12.01"]

1. Nf3 Nf6 2. g3 g6 3. Bg2 Bg7 4. O-O O-O 5. c4 d6 6. Nc3 e5 7. d3 Nc6 8. h3
Nd7 9. Rb1 a5 10. a3 h6 11. b4 axb4 12. axb4 f5 13. b5 Ne7 14. Bd2 Nc5 15. Ne1
f4 16. Nc2 g5 17. Kh2 Kh8 18. Ne4 Ne6 19. Ra1 Rxa1 20. Qxa1 Nf5 21. Bc3 Ned4
22. Qd1 Nxc2 23. Qxc2 g4 24. Qd2 Nd4 25. Bxd4 exd4 26. hxg4 Bxg4 27. Bf3
1/2-1/2

[Event "N�-LL 2006_07"]
[Site "?"]
[Date "2006.11.26"]
[Round "6"]
[White "Vykydal, Frantisek"]
[Black "Svanda, Pavel"]
[Result "1/2-1/2"]
[WhiteElo "2264"]
[BlackElo "2208"]
[Annotator "Zwettl : Waidhofen"]
[PlyCount "130"]
[EventDate "2006.??.??"]

1. e4 c5 2. Nc3 e6 3. g3 d5 4. Bg2 d4 5. Nb1 e5 6. d3 Bd6 7. Nd2 Nc6 8. a4 Nf6
9. Nc4 Bc7 10. Bg5 h6 11. Bxf6 Qxf6 12. Qf3 Qd8 13. Bh3 O-O 14. Bxc8 Rxc8 15.
h4 a6 16. Ne2 b5 17. axb5 axb5 18. Na3 Nb4 19. O-O Qd7 20. Rad1 Rb8 21. c3 Nc6
22. c4 bxc4 23. Nxc4 Na5 24. Rc1 Nxc4 25. Rxc4 Bd6 26. Rb1 Rb6 27. Nc1 Qb7 28.
Qe2 Rd8 29. b3 g6 30. h5 Be7 31. Qg4 Qc8 32. Qxc8 Rxc8 33. Ra1 gxh5 34. Ra5 Bg5
35. Ne2 Rxb3 36. Raxc5 Rxc5 37. Rxc5 Rxd3 38. Rxe5 Rd2 39. Nf4 Bxf4 40. gxf4 h4
41. Rd5 Kg7 42. Rd6 d3 43. Kg2 Rd1 44. e5 d2 45. f5 Re1 46. Rxd2 Rxe5 47. Rd4
Rxf5 48. Rxh4 Kg6 49. Ra4 Kg5 50. Kg3 Rb5 51. Rg4+ Kf6 52. Rf4+ Rf5 53. Ra4 h5
54. f3 Kg5 55. f4+ Kg6 56. Ra8 Rb5 57. Rg8+ Kf6 58. Kf3 Rb3+ 59. Ke4 h4 60. Rh8
h3 61. Rh6+ Kg7 62. Rh4 Kg6 63. Rh8 f5+ 64. Kd4 Rf3 65. Rh4 h2 1/2-1/2

[Event "N�-LL 2006_07"]
[Site "?"]
[Date "2006.11.26"]
[Round "6"]
[White "Kropik, Martin"]
[Black "Janetschek, Karl"]
[Result "1/2-1/2"]
[WhiteElo "2126"]
[BlackElo "228"]
[Annotator "Zwettl : Waidhofen"]
[PlyCount "21"]
[EventDate "2006.??.??"]

1. d4 e6 2. c4 Nf6 3. Bg5 h6 4. Bh4 g5 5. Bg3 Bb4+ 6. Nd2 Ne4 7. Ngf3 c5 8.
dxc5 f5 9. e3 Nxg3 10. hxg3 Qf6 11. a3 1/2-1/2

[Event "N�-LL 2006_07"]
[Site "?"]
[Date "2006.11.26"]
[Round "6"]
[White "Stadler, Peter"]
[Black "Dietrich, Markus"]
[Result "1-0"]
[WhiteElo "2113"]
[BlackElo "1992"]
[Annotator "Zwettl : Waidhofen"]
[PlyCount "77"]
[EventDate "2006.??.??"]

1. d4 Nf6 2. Nf3 d5 3. c4 c6 4. Nc3 dxc4 5. a4 Bf5 6. e3 e6 7. Bxc4 Bb4 8. O-O
O-O 9. Qe2 Ne4 10. Na2 Bd6 11. Ne5 Bxe5 12. dxe5 Nc5 13. Rd1 Qc7 14. Nc3 Qxe5
15. f4 Qc7 16. e4 Bg6 17. g4 h6 18. Rf1 Bh7 19. f5 exf5 20. Bf4 Qe7 21. Rad1
Rd8 22. gxf5 Rxd1 23. Rxd1 Nbd7 24. Bd6 Qh4 25. b4 Qf6 26. e5 Qg5+ 27. Kh1 Bxf5
28. Rg1 Qf4 29. bxc5 Qd4 30. e6 fxe6 31. Bxe6+ Bxe6 32. Qxe6+ Kh8 33. Qxd7 Qxc3
34. h3 Rg8 35. Kh2 Qc2+ 36. Rg2 Qxa4 37. Be5 Qb5 38. Bxg7+ Kh7 39. Bd4+ 1-0

[Event "N�-LL 2006_07"]
[Site "?"]
[Date "2006.11.26"]
[Round "6"]
[White "Mahdy, Khaled"]
[Black "Zwettler, Martin"]
[Result "1-0"]
[WhiteElo "2368"]
[BlackElo "2207"]
[Annotator "Zwettl : Waidhofen"]
[PlyCount "59"]

1. e4 g6 2. d4 Bg7 3. c3 d5 4. Nd2 dxe4 5. Nxe4 Nd7 6. Bc4 Ndf6 7. Ng5 Nd5 8.
N1f3 Ngf6 9. Ne5 O-O 10. O-O h6 11. Ngf3 Qd6 12. Bb3 b5 13. Re1 c5 14. a4 cxd4
15. Qxd4 bxa4 16. Rxa4 a6 17. Qd1 Bb7 18. Rh4 g5 19. Rd4 Qc5 20. h4 gxh4 21.
Rxh4 h5 22. Ng5 Rad8 23. Rxh5 Nf4 24. Qxd8 Rxd8 25. Bxf7+ Kf8 26. Ng6+ Nxg6 27.
Ne6+ Kxf7 28. Nxd8+ Ke8 29. Rxc5 Kxd8 30. Rg5 1-0